000 00370nam a2200133 i 4500
001 183620
003 ES-MaACL
005 20230906221931.0
008 140905s1878 sp |||| | spa d
245 0 0 _aGuía de Zaragoza /
_cpor D.V. B y P.
260 _aZaragoza :
_b[s.n.],
_c1878.
651 4 _aZaragoza-
_vGuías turísticas.
_9155395
852 _aES-MaACL
_jT-1099-F-1
999 _c183620
_d183620